Moderní analytické metody
Salvato in:
| Autore principale: | |
|---|---|
| Natura: | Libro |
| Lingua: | ceco |
| Pubblicazione: |
Ostrava
Pavel Klouda
2003
|
| Edizione: | 2. upr. a dopl. vyd. |
| Soggetti: | |
| Accesso online: | Visualizza in OPAC |
| Tags: |
Nessun Tag, puoi essere il primo ad aggiungerne!!
|
MARC
| LEADER | 00000nam a2200000 a 4500 | ||
|---|---|---|---|
| 005 | 20260127134107.0 | ||
| 008 | 171201s2003 xr l f p 00100 cze | ||
| 020 | |a 8086369072 |q (brož.) | ||
| 035 | |a vtls001487049 | ||
| 035 | |a SNK000442341 | ||
| 039 | 9 | |a 201712011332 |b VLOAD |c 200510181002 |d mschk03 |y 200501302305 |z staff | |
| 040 | |a SNK |b slo |c SNK |d STUSCHK1 |e AACR2 | ||
| 041 | 0 | |a cze | |
| 044 | |a xr |c CZ | ||
| 072 | 7 | |a 543 |x Analytická chémia |2 konspekt | |
| 080 | |a 543.06 |2 MDT-MRF | ||
| 080 | |a 543.5 |2 MDT-MRF | ||
| 080 | |a (075) |2 MDT-MRF | ||
| 100 | 1 | |a Klouda, Pavel | |
| 245 | 1 | 0 | |a Moderní analytické metody |c Pavel Kouda |
| 250 | |a 2. upr. a dopl. vyd. | ||
| 260 | |a Ostrava |b Pavel Klouda |c 2003 | ||
| 300 | |a 132 s. |b ilustr., sch. |c 30 cm | ||
| 650 | 0 | 7 | |a inštrumentálna analýza |2 SNKPH |
| 650 | 0 | 7 | |a analytické metódy |2 SNKPH |
| 655 | 7 | |a učebnice |2 SNKPH | |
| 910 | |a SCHK95 | ||
| 919 | |a 80-86369-07-2 | ||
| 999 | |c 3916 |d 3916 | ||